| 000 | 00560nam a22002177a 4500 | ||
|---|---|---|---|
| 003 | OSt | ||
| 005 | 20140320105626.0 | ||
| 008 | 121113t xxu||||| |||| 00| 0 eng d | ||
| 020 | _a05904611311 | ||
| 020 | _a9780590461313 | ||
| 050 |
_aQH 541.5.R27 _b.B35 1993 |
||
| 100 |
_aBaker, Lucy _925392 |
||
| 245 |
_aLife in the rainforests / _cLucy Baker |
||
| 260 |
_aNew York : _bScholastic Inc., _c1993.. |
||
| 300 |
_g27 cm. _a32 p. : _bcol. ill. ; |
||
| 521 | _aG8 | ||
| 526 | _c980 | ||
| 650 |
_aRainforests _928752 |
||
| 942 |
_2lcc _cBK |
||
| 999 |
_c47532 _d47532 |
||